|
|
|
|
| LEADER |
00000nam a2200000 a 4500 |
| 001 |
vtls001394098 |
| 003 |
SK-MaSNL |
| 005 |
20260301071531.0 |
| 008 |
251124s2000 xr a r 0 cze |
| 020 |
|
|
|a 8090197477
|c [262,00]
|
| 035 |
|
|
|a SNK000348417
|
| 040 |
|
|
|a SNK
|b slo
|c SNK
|e AACR2
|
| 044 |
|
|
|a xr
|c CZ
|
| 080 |
|
|
|a 008(437.1/.2):321.7
|2 1981
|
| 080 |
|
|
|a 321.7
|2 1981
|
| 080 |
|
|
|a 301.17(437.1/.2)
|2 1.stred. slo
|
| 245 |
1 |
|
|a Člověk a česká společnost na prahu 21. století
|b sborník statí z mezioborového kolokvia k 10. výročí demokratické revoluce v Československu a z filosofického semináře o fenoménu štěstí u mladých lidí
|c k vydání připravili: Zdeněk Jeník, Jaroslav Krejčí
|
| 260 |
|
|
|a Opava
|b Open Education & Sciences
|c [2000]
|
| 300 |
|
|
|a 260 s.
|c 21 cm
|
| 650 |
0 |
7 |
|a spoločnosť česká
|x kultúra
|x vzťahy
|y stor. 21.
|x štúdie
|2 SNK
|9 389461
|
| 650 |
0 |
7 |
|a demokracia
|z Česko
|x občania
|x vzťahy
|y stor. 21.
|x štúdie
|2 SNK
|9 389462
|
| 700 |
1 |
|
|a Jeník, Zdeněk,
|d 1932-
|4 upr
|9 107481
|
| 700 |
1 |
|
|a Krejčí, Jaroslav,
|d 1932-2006
|4 upr
|9 134196
|
| 919 |
|
|
|a 80-901974-7-7
|
| 999 |
|
|
|c 638134
|d 640064
|
| 952 |
|
|
|t P60, <04>, [BOOK], {604}
|a SNK
|b SNK
|y VYP
|7 0
|p 17A0249524
|o snkIC 128789
|i snkV 1448/2000
|0 0
|1 0
|4 0
|d 2000-09-18
|l 0
|r 2005-01-02 00:00:00
|w 2026-02-23
|